Nouveau petit Larousse illustré

Uloženo v:
Podrobná bibliografie
Hlavní autoři: Augé, Claude (Autor), Augé, Paul (Autor)
Médium: Kniha
Jazyk:francouzština
Vydáno: París Larousse 1958
Témata:
Tagy: Přidat tag
Žádné tagy, Buďte první, kdo vytvoří štítek k tomuto záznamu!

MARC

LEADER 00000nam a2200000 a 4500
001 UCT3492
003 CL-VaPUC
008 961024e19580000FR |||||||||||||||||fre|d
082 0 4 |a 443  |b AUG  |2 21 
100 0 |a Augé, Claude  |e author  |9 372424 
700 0 |a Augé, Paul  |e author  |9 372425 
245 1 0 |a Nouveau petit Larousse illustré 
300 |a 1791 p 
942 |c BK 
945 |d 19961024 00:00:00  |a paguirre 
260 |a París  |b Larousse  |c 1958 
650 0 |a Diccionarios  |9 256200 
650 7 |a FRANCES  |2 CL-VaPUC  |9 259059 
650 7 |a TERMINOLOGIA  |2 CL-VaPUC  |9 254881 
650 0 |a Glosarios  |9 261047 
583 |a last modification  |c 19961024 00:00:00  |k Rodrigo Vera 
999 |c 253122  |d 253120 
952 |0 0  |1 0  |4 0  |6 443_000000000000000_AUG_1958  |7 0  |8 X  |9 273645  |a BIBCUR  |b BIBCUR  |d 2019-11-19  |i 1773941  |o 443 AUG 1958  |p 1773941  |r 2025-04-22  |w 2019-11-19  |y BK_X  |k BCB